Best & Worst Reviewed Movies by Franchise #1 - Statistics

General Stats
  • This quiz has been taken 2,440 times
    1,384 since last reset
  • The average score is 9 of 22
Answer Stats
Film Universe Film % Correct
Middle Earth Lord of the Rings: The Return of the King
82%
Star Wars Episode IV: A New Hope
76%
Indiana Jones Raiders of the Lost Ark
62%
Terminator The Terminator
61%
Star Wars Episode IX: The Rise of Skywalker
60%
Rambo Rambo: Last Blood
52%
Pirates of the Caribbean The Curse of the Black Pearl
52%
The Hunger Games Mockingjay - Part 1
48%
The Hunger Games Catching Fire
46%
Indiana Jones Indiana Jones and the Temple of Doom
44%
Rambo First Blood
43%
James Bond Goldfinger
39%
Marvel (MCU) Black Panther
37%
Middle Earth The Hobbit: An Unexpected Journey
37%
DC Comics (DCEU) Wonder Woman
34%
Jason Bourne The Bourne Ultimatum
32%
Pirates of the Caribbean Dead Men Tell No Tales
29%
Marvel (MCU) Eternals
28%
Jason Bourne Jason Bourne
25%
Terminator Teminator Genisys
25%
DC Comics (DCEU) Suicide Squad
24%
James Bond A View to a Kill
13%
No matching quizzes found
Score Distribution
Percent of People with Each Score
Percentile by Number Answered
Your Score History
You have not taken this quiz since the last reset